Siglas dos Estados Americanos - Statistics

Estatísticas Gerais
  • Esse quiz foi jogado 98 vezes
  • A pontuação média é 34 de 51
Respostas no mapa
Respostas codificadas por cores de uma escala verde-vermelha no mapa do quiz de acordo com a % correta abaixo.
 
Estatísticas das Respostas
Resposta % Correto
TX
95%
CA
94%
NY
93%
FL
88%
WA
88%
AL
86%
MI
84%
AK
82%
SC
81%
MA
80%
NC
80%
NE
80%
CO
77%
NM
76%
AR
75%
OH
75%
HI
73%
MS
72%
ND
71%
SD
71%
NV
70%
MN
69%
MO
69%
PA
69%
LA
67%
OR
66%
ID
65%
RI
64%
AZ
63%
OK
63%
UT
63%
DE
61%
IL
61%
NJ
61%
TN
61%
NH
60%
WI
60%
WY
59%
IN
57%
ME
57%
KS
55%
MT
55%
GA
54%
VA
51%
WV
48%
CT
47%
IA
47%
VT
45%
KY
43%
MD
39%
DC
36%
Nenhum quiz correspondente encontrado
Distribuição das Pontuações
Porcentagem de Pessoas com Cada Pontuação
Percentil de Números Respondidos
Sua Pontuação Histórica
Você não jogou esse quiz